Normal view
MARC view
Entry Personal Name
001 - CONTROL NUMBER
- control field: 13865
003 - CONTROL NUMBER IDENTIFIER
- control field: BD-RjUL
005 - DATE AND TIME OF LATEST TRANSACTION
- control field: 20241021102124.0
008 - FIXED-LENGTH DATA ELEMENTS
- fixed length control field: 241021|| aca||aabn | a|a d
040 ## - CATALOGING SOURCE
- Original cataloging agency: BD-RjUL
- Transcribing agency: BD-RjUL
100 ## - HEADING--PERSONAL NAME
- Personal name: Water
- Titles and other words associated with a name: Impact of Industrial
670 ## - SOURCE DATA FOUND
- Source citation: Work cat.: (BD-RjUL)84136: Hossain, Mohammad Motaher 13864, Impact of Industrial Effluent on Soil and Water Around Bscic Industrial Zone in Rajshahi City /, 2018